| 000 | 01481nam0a22002651 4500 | ||
|---|---|---|---|
| 001 | rc\4565024 | ||
| 005 | 20130416185329.7 | ||
| 021 |
_aRU _b[63-46409] |
||
| 035 | _a(NLR Aleph) 008371549 | ||
| 090 |
_a9061076 _c9061076 |
||
| 100 | _a20130416d1963 |||y0rusy50 ca | ||
| 101 | 1 |
_arus _cmol |
|
| 102 | _aRU | ||
| 105 | _ay z |||a| | ||
| 200 | 1 |
_aПесня пробивает себе путь _e[Повести и рассказы] _eПер. с молд. |
|
| 210 |
_aКишинев _cКартя молдовеняскэ _d1963 |
||
| 215 |
_a240 с. _d21 |
||
| 327 | 1 | _aСодерж.: Песня пробивает себе путь: Повесть; "Падение" Марии Караогло; Смятение; Виорикина месть; Дочь; Встреча; Возвращение; Непредвиденные огорчения; Следы: Рассказы | |
| 464 | 0 | _12001#$aПесня пробивает себе путь$eПовесть$a"Падение" Марии Караогло$eРассказ$aСмятение$eРассказ$aВиорикина месть$eРассказ$aДочь$eРассказ$aВстреча$eРассказ$aВозвращение$eРассказ$aНепредвиденные огорчения$eРассказ$aСледы$eРассказ | |
| 700 | 1 |
_aМалева _bВ. Л. _f1926- _gВера Львовна |
|
| 801 | 0 |
_aRU _bNLR _gpsbo |
|
| 801 | 1 |
_aRU _bELAR _2rusmarc |
|
| 852 |
_aNLR _j63-3/3546 |
||
| 942 | _cBOOK | ||
| 980 | _aNB | ||